Biggest City in each Asian Country : Multiple Choice - Statistics

General Stats
  • This quiz has been taken 20 times
  • The average score is 11 of 15
Answer Stats
Question Answer % Correct
Iraq Baghdad
100%
Turkey Istanbul
100%
Indonesia Jakarta
87%
Malaysia Kuala Lumpur
87%
Philippines Manila
87%
South Korea Seoul
87%
Taiwan Taipei
87%
Japan Tokyo
87%
Iran Tehran
80%
Kazakhstan Almaty
73%
Pakistan Karachi
73%
Saudi Arabia Riyadh
60%
Russia (Asian Part Only) Novosibirsk
53%
India Mumbai
40%
China Shanghai
13%
No matching quizzes found
Score Distribution
Percent of People with Each Score
Percentile by Number Answered
Your Score History
You have not taken this quiz